| 000 | 00774nam0a22002531 4500 | ||
|---|---|---|---|
| 001 | rc\4708891 | ||
| 005 | 20250612010554.0 | ||
| 021 |
_aRU _b[61-47493] |
||
| 035 | _a(NLR Aleph) 008436432 | ||
| 090 |
_a9450116 _c9450116 |
||
| 100 | _a20130416d1961 |||y0rusy50 ca | ||
| 101 | 0 | _arus | |
| 102 | _aRU | ||
| 105 | _aa z |||a| | ||
| 200 | 1 |
_aДень на корабле _e[Стихи _eДля детей _fИл.: В. Резчиков |
|
| 210 |
_aКалининград _cКн. изд-во _d1961] |
||
| 215 |
_a9 с. _cил. _d26 |
||
| 700 | 1 |
_aСуслович _bН.Р. _f1935-1986 _gНикита Рафаилович |
|
| 702 | 1 |
_aРезчиков _bВ. _4440 |
|
| 801 | 0 |
_aRU _bNLR _gpsbo |
|
| 801 | 1 |
_aRU _bELAR _2rusmarc |
|
| 852 |
_aNLR _j61-7/1187 |
||
| 942 | _cBOOK | ||
| 980 | _aNB | ||